Propuesta de plan de acción nacional para la biodiversidad en Chile

Guardat en:
Dades bibliogràfiques
Autor corporatiu: Comisión Nacional del Medio Ambiente (Autor), CONAMA (Autor)
Format: Llibre
Idioma:espanyol
Publicat: Santiago CONAMA 1993
Matèries:
Etiquetes: Afegir etiqueta
Sense etiquetes, Sigues el primer a etiquetar aquest registre!

MARC

LEADER 00000nam a2200000 a 4500
001 UCK5017
003 CL-VaPUC
008 050708e19930000CL |||||||||||||||||spa|d
082 0 4 |a 333.72  |b COM  |2 21 
110 2 |a Comisión Nacional del Medio Ambiente  |e author  |9 493689 
710 2 |a CONAMA  |e author  |9 493690 
245 1 0 |a Propuesta de plan de acción nacional para la biodiversidad en Chile 
300 |a 50 p 
942 |c BK 
945 |d 20050708 00:00:00  |a cmena 
260 |a Santiago  |b CONAMA  |c 1993 
650 0 |a Gestión ambiental   |9 338121 
650 7 |a PLANIFICACION AMBIENTAL  |2 CL-VaPUC  |9 337987 
650 0 |a Desarrollo sustentable  |9 333905 
650 0 |a Protección del medio ambiente  |9 257626 
650 0 |a Biodiversidad   |9 385995 
651 7 |a CHILE  |2 CL-VaPUC  |9 493691 
583 |a last modification  |c 20050708 00:00:00  |k Rodrigo Vera 
999 |c 313713  |d 313711 
952 |0 0  |1 0  |2 ddc  |4 0  |6 333_720000000000000_COM_1993  |7 0  |8 A  |9 385201  |a BIBDER  |b BIBDER  |d 2019-11-22  |i 4120620  |o 333.72 COM 1993  |p 4120620  |r 2023-01-25  |w 2019-11-22  |y MX  |k DER